Top 10 Gangster Movies - Statistics

General Stats
  • This quiz has been taken 415 times
  • The average score is 3 of 10
Answer Stats
Hint Answer % Correct
"Scar" "Scarface"
95%
"1972" "The Godfather"
60%
"Once upon a time- In america"
30%
South central LA "Boyz in the Hood"
27%
"American crime" "Casino"
19%
GOOD movie "Friday"
19%
1973 "Mean streets"
7%
2013 "Gangster Squad"
6%
Rhymes with "Monster" "Mobsters"
4%
Ice cube "Next Friday"
4%
No matching quizzes found
Score Distribution
Percent of People with Each Score
Percentile by Number Answered
Your Score History
You have not taken this quiz